• 首页
  • 本馆介绍
  • 公告通知
  • 最新文献
  • 馆藏检索
  • 电子资源
  • 读者导购
  • 参考咨询
  • 我的图书馆
  • 登录
  • 详细信息显示
  • 放入我的书架
  • 预约/预借图书
  • 作者相关作品
  • 分类相关作品
  • 丛书相关作品
  • 出版社相关作品

书目信息

  • 表格格式
  • 工作单格式
  • 卡片格式
题名:
民事诉讼法问题解答
    
 
作者: 周道鸾 编
分册:  
出版信息: 北京   法律出版社  1984
页数: 240页
开本: 19cm
丛书名:
单 册:
中图分类: D925.104 , D925.1
科图分类:
主题词: 民事诉讼法--中国--问答 , 法律--中国
电子资源:
ISBN:
000 00697nam0 2200265 45
001 0184001379
005 20040426150015.4
010    @dCNY1.05
091    @a6004.776
100    @a19951017d1984 em y0chiy0121 ea
101 0  @achi
102    @aCN@b110000
105    @ay z 000yy
106    @ar
200 10 @a民事诉讼法问题解答@Amin shi su song fa wen ti jie da@f周道鸾编
210    @a北京@c法律出版社@d1984
215    @a240页@d19cm
606    @a民事诉讼法@y中国@x问答
606 0  @a法律@x中国
690    @aD925.104@v3
690    @aD925.1
701  0 @a周道鸾@4编@Azhou dao luan
801  0 @aCN@b深圳图书馆@c20040426
801  2 @aCN@bNLC@c20040426
905    @f2@b153197-198@dD925.1@e71
    
    民事诉讼法问题解答/周道鸾编.-北京:法律出版社,1984
    240页;19cm
    
    
    ISBN :CNY1.05
    
●
相关链接 在E读中查询图书 在五车中查询图书 在当当中查询图书 在豆瓣中查询图书


正题名:民事诉讼法问题解答     索取号:D925.1/71         预约/预借

序号 登录号 条形码 馆藏地/架位号 状态 备注
1 0153197   001255135   第一借阅区/ [索取号:D925.1/71] 在馆    
2 0153198   001255091   密集书库/ [索取号:D925.1/71] 在馆    
3 0153199   001255171   第一样本阅览室/ [索取号:D925.1/71] 在馆    
唐山师范学院图书馆 欢迎您!
大连网信软件有限公司© 版权所有